Capital cities of african countries - Statistics

General Stats
  • This quiz has been taken 166 times
    162 since last reset
  • The average score is 17 of 52
Answer Stats
Country Answer % Correct
Egypt Cairo
99%
Algeria Algiers
78%
Kenya Nairobi
69%
Morocco Rabat
65%
Ethiopia Addis ababa
54%
Djibouti Djibouti
51%
Senegal Dakar
50%
Sudan Khartoum
50%
Libya Tripoli
50%
Nigeria Abuja
47%
DRC Kinshasa
47%
Uganda Kampala
44%
Somalia Mogadishu
44%
Madagascar Antananarivo
43%
Sierra leone Freetown
43%
Sao tome and principe Sao tome
43%
Republic of congo Brazzaville
41%
Guinea bissau Bissau
40%
Angola Luanda
38%
Ghana Accra
34%
Tanzania Dodoma
34%
Rwanda Kigali
34%
Namibia Windhoek
34%
South sudan Juba
32%
Zimbabwe Harare
29%
Togo Lome
29%
Seychelles Victoria
29%
Guinea Conakry
28%
Botswana Gaborone
28%
Mali Bamako
26%
Mozambique Maputo
26%
Niger Niamey
26%
Cameroon Yaounde
26%
Gabon Libreville
25%
Eritrea Asmara
24%
Burkina faso Ouagadougou
24%
Zambia Lusaka
22%
Liberia Monrovia
22%
Mauritania Nouakchott
22%
Malawi Lilongwe
21%
Cape verde Praia
19%
Eswatini Mbabane
18%
Chad N''djamena
18%
Gambia Banjul
16%
Mauritius Port louis
16%
Benin Porto-novo
16%
CAR Bangui
15%
Burundi Gitega
15%
Lesotho Maseru
15%
Equatorial guinea Malabo
10%
Ivory coast Yamossoukro
1%
South africa Bloemfontein, Pretoria, Cape town
0%
No matching quizzes found
Score Distribution
Percent of People with Each Score
Percentile by Number Answered
Your Score History
You have not taken this quiz since the last reset